LEADER 01131nam a2200241 u 4500 001 000000105649 003 CaOOAMICUS 005 20070614101433.0 008 070614s2005 it u001 u ita u 020 $a88-240-2007-0 040 $aPUL$bita$dLDB 100 1 $aTitomanlio, Federico.$0(OLS)http://pul/name/64875 245 10$aCodice dei contratti della pubblica amministrazione (legislazione generale) /$cFederico Titomanlio. 260 $aRoma :$bIstituto Poligrafico e Zecca dello Stato,$c2005. 300 $av, 1433 p. ;$c24 cm 500 $aContiene indice analitico. 650 4$aAmministrazione pubblica$zItalia.$0(OLS)http://pul/subject/18070 850 $aPUL 852 $aPUL$W1$xDP2 Diritto e Scienze Sociali 3$y110$m352. 545 CODCON 1$j118396$qDDC 21$B118298$CPULBib$Z2$F118298 $H101805 $82 941 1 $a9 996 $6020$a88-240-2007-0$9(OLS)http://pul/number/134837 996 $6245$aCodice dei contratti della pubblica amministrazione (legislazione generale)$9(OLS)http://pul/title/132983 996 $6260$aRoma :$bIstituto Poligrafico e Zecca dello Stato$9(OLS)http://pul/publisher/48997 LEADER 01536nam a2200325 a 4500 001 000000125709 003 CaOOAMICUS 005 20110615150403.0 008 110615s2010 it 000 u ita r 020 $a88-14-15064-8 040 $aPUL$bita 082 04$a346.4506 100 1 $aNazzicone, Loredana.$0(OLS)http://pul/name/79639 245 10$aAmministrazione e controlli nella società per azioni : [aggiornato alla nuova disciplina sulla revisione legale (D. lgs. n. 39/2010)] /$cLoredana Nazzicone, Salvatore Providenti. 260 $aMilano :$bGiuffrè,$c©2010. 300 $aXXV, 581 p. ;$c24 cm. 490 1 $aIl nuovo diritto societario 500 $aInclude indice. 504 $aBibliografia in nota. 650 4$aSocietà per azioni$zItalia$xLegislazione.$0(OLS)http://pul/subject/27665 700 1 $aProvidenti, Salvatore.$0(OLS)http://pul/name/79640 830 0$aNuovo diritto societario.$0(OLS)http://pul/title/158535 850 $aPUL 852 $aPUL$W1$xSL Diritto e Scienze Sociali 3$y79$m346. 4506 NAZLO 1$j144810$qDDC 21$B143823$CPULBib$Z2$F143823 $H117514 $82 941 1 $a9 996 $6020$a88-14-15064-8$9(OLS)http://pul/number/147492 996 $6082$a346.4506$9(OLS)http://pul/classification/679 996 $6245$aAmministrazione e controlli nella società per azioni : [aggiornato alla nuova disciplina sulla revisione legale (D. lgs. n. 39/2010)]$9(OLS)http://pul/title/158534 996 $6260$aMilano :$bGiuffrè$9(OLS)http://pul/publisher/48401